000 00367nam a2200145Ia 4500
008 240624s9999 xx 000 0 und d
041 _aeng
082 _a658.3 PAT
100 _aPATTANAYAK BISWAJEET
245 _aHUMAN RESOURCE MANAGEMENT
250 _a(2nd ed.)
260 _c2004
_aNew Delhi
_bPrentice-Hall
300 _axvii, : 429 : p. : cm. ; 24
365 _cRS
999 _c1903
_d1903